<?xml version="1.0" encoding="UTF-8"?>
<marc:record xmlns:marc="http://www.loc.gov/MARC21/slim">
   <marc:leader>00000nam a2200000 a 4500</marc:leader>
   <marc:datafield ind1="1" ind2=" " tag="100">
      <marc:subfield code="a">Zimmermann, Harro</marc:subfield>
      <marc:subfield code="4">aut</marc:subfield>
      <marc:subfield code="e">Verfasser/-in</marc:subfield>
   </marc:datafield>
   <marc:datafield ind1=" " ind2=" " tag="653">
      <marc:subfield code="a">Gentz</marc:subfield>
   </marc:datafield>
   <marc:datafield ind1=" " ind2=" " tag="653">
      <marc:subfield code="a">Friedrich von</marc:subfield>
   </marc:datafield>
   <marc:datafield ind1=" " ind2=" " tag="653">
      <marc:subfield code="a">Softcover / Sachbücher/Geschichte/Biographien</marc:subfield>
   </marc:datafield>
   <marc:datafield ind1=" " ind2=" " tag="653">
      <marc:subfield code="a">Autobiographien</marc:subfield>
   </marc:datafield>
   <marc:datafield ind1="0" ind2="0" tag="245">
      <marc:subfield code="a">Friedrich Gentz</marc:subfield>
   </marc:datafield>
   <marc:datafield ind1="0" ind2="0" tag="245">
      <marc:subfield code="b">die Erfindung der Realpolitik</marc:subfield>
   </marc:datafield>
   <marc:datafield ind1="0" ind2="0" tag="245">
      <marc:subfield code="c">Harro Zimmermann</marc:subfield>
   </marc:datafield>
   <marc:datafield ind1=" " ind2="1" tag="264">
      <marc:subfield code="a">Paderborn</marc:subfield>
      <marc:subfield code="b">Schöningh</marc:subfield>
      <marc:subfield code="c">2012</marc:subfield>
   </marc:datafield>
   <marc:datafield ind1="1" ind2=" " tag="520">
      <marc:subfield code="a">Angaben aus der Verlagsmeldung

Friedrich Gentz : Die Erfindung der Realpolitik / von Harro Zimmermann

Harro Zimmermann begibt sich auf die Spur einer schillernden Persönlichkeit des 19. Jahrhunderts. Er stellt Gentz in allen seinen Facetten vor: den staatsphilosophischen Theoretiker des moderaten Konservatismus, den antifranzösischen Publizisten, den Glücksspieler und Verführer von Theaterschönheiten, den altersmild gewordenen Sekretär Metternichs. Die lange überfällige neue Biographie einer zentralen Gestalt im Zeitalter des Wiener Kongresses!
Mit großer Sachkunde lässt der Autor die Epoche der Französischen Revolution und des Wiener Kongresses lebendig werden, wenn er seinen Helden an dessen Wirkungsstätten begleitet, die heißen Debatten für und wider Revolution und Napoleon erneut aufleben lässt oder nachspürt, mit wessen Hilfe Gentz seine immensen Spielschulden in letzter Minute begleichen konnte.
</marc:subfield>
   </marc:datafield>
   <marc:datafield ind1=" " ind2=" " tag="020">
      <marc:subfield code="a">9783506771322</marc:subfield>
      <marc:subfield code="9">9783506771322</marc:subfield>
   </marc:datafield>
   <marc:datafield ind1=" " ind2=" " tag="020">
      <marc:subfield code="a">3506771329</marc:subfield>
      <marc:subfield code="9">3506771329</marc:subfield>
   </marc:datafield>
   <marc:datafield ind1=" " ind2=" " tag="041">
      <marc:subfield code="a">ger</marc:subfield>
   </marc:datafield>
   <marc:datafield ind1=" " ind2=" " tag="300">
      <marc:subfield code="a">344 S.</marc:subfield>
   </marc:datafield>
</marc:record>
